The Holy Families (Record no. 43125)

MARC details
000 -LEADER
fixed length control field 00405nam a2200181Ia 4500
020 ## - INTERNATIONAL STANDARD BOOK NUMBER
ISBN 0917023080
050 ## - CALL MARK
Classification number BP 188 .W57/
100 ## - STATEMENT OF RESPONSIBILITY--MAIN AUTHOR NAME
Personal name Wise, Charles C.
245 #4 - TITLE STATEMENT
Title The Holy Families
260 ## - PUBLICATION, DISTRIBUTION, ETC. (IMPRINT)
Place of publication Penn Laird
260 ## - PUBLICATION, DISTRIBUTION, ETC. (IMPRINT)
Name of publisher Magian Press
260 ## - PUBLICATION, DISTRIBUTION, ETC. (IMPRINT)
Year of publication 1990
300 ## - PHYSICAL DESCRIPTION
Number of Pages 270 p
650 ## - SUBJECT ADDED ENTRY--TOPICAL TERM
Topical Term Penn Laird
942 ## - ADDED ENTRY ELEMENTS (KOHA)
Koha item type Books
Holdings
Withdrawn status Lost status Source of classification or shelving scheme Damaged status Not for loan Permanent Location Current Location Shelving location Date acquired Accession Number Price effective from Koha item type
    Library of Congress Classification     NILE UNIVERSITY OF NIGERIA - MAIN LIBRARY NILE UNIVERSITY OF NIGERIA - MAIN LIBRARY Items on shelf 06/03/2025 0000341 06/03/2025 Books